Normal view MARC view
  • Fatima Reham

Entry Personal Name

Number of records used in: 1

001 - CONTROL NUMBER

  • control field: 23131

003 - CONTROL NUMBER IDENTIFIER

  • control field: NUST

005 - DATE AND TIME OF LATEST TRANSACTION

  • control field: 20191008120918.0

008 - FIXED-LENGTH DATA ELEMENTS

  • fixed length control field: 191008|| aca||aabn | a|a d

040 ## - CATALOGING SOURCE

  • Original cataloging agency: NUST
  • Transcribing agency: NUST

100 ## - HEADING--PERSONAL NAME

  • Personal name: Fatima Reham

670 ## - SOURCE DATA FOUND

  • Source citation: Work cat.: (NUST): Fatima Reham, MS/Thesis:A comprehensive analysis of genomic symbolic-to-numeric representations for a digital signal processing-based gene and exon prediction, 2015
© 2023 Central Library, National University of Sciences and Technology. All Rights Reserved.